000 00343nam a2200157Ia 4500
003 OSt
005 20231226043400.0
008 170524s9999 xx 000 0 und d
020 _a9780195219173
040 _cIIMTU
100 _aLathi
245 0 _aSignal Processing & Linear System
260 _bOxford
260 _c2008
942 _2ddc
_c02
999 _c4933
_d4933